[Event "Florianopolis op 11th"]
[Site "Florianopolis"]
[Date "2025.01.24"]
[Round "8"]
[White "De Morais, Lucas Pereira"]
[Black "Simoncini, Luana Felipe"]
[Result "0-1"]
[WhiteElo "1800"]
[BlackElo "1681"]
[PlyCount "66"]
[EventDate "2025.01.18"]
[EventType "swiss"]
[EventRounds "10"]
[EventCountry "BRA"]
[SourceTitle "CB05_2025"]
[SourceDate "2025.01.29"]
[SourceVersion "1"]
[SourceVersionDate "2025.01.29"]
[SourceQuality "1"]

1. d4 d5 2. Nf3 Nf6 3. g3 e6 4. Bg2 Be7 5. 0-0 0-0 6. c4 c6 7. Nc3 Nbd7 8. Nd2 Re8 9. e4 dxe4 10. Ndxe4 Nb6 11. b3 a5 12. a4 Bb4 13. Bb2 Be7 14. Nxf6+ Bxf6 15. Ne4 Be7 16. Qc2 Nd7 17. Rad1 Nf6 18. d5 exd5 19. Nxf6+ Bxf6 20. cxd5 Bg4 21. f3 Qb6+ 22. Kh1 Bf5 23. Qxf5 Bxb2 24. Qc2 Bf6 25. dxc6 bxc6 26. f4 Rac8 27. Rd6 Re3 28. Qf5 Rce8 29. Rxc6 Qxb3 30. Qxa5 Bc3 31. Qb5 Qc2 32. Rc4 Re1 33. Qc6 Qe2 0-1

[Event "Florianopolis op 11th"]
[Site "Florianopolis"]
[Date "2025.01.23"]
[Round "7"]
[White "Simoncini, Luana Felipe"]
[Black "Marques, Eudes Pinto"]
[Result "0-1"]
[WhiteElo "1681"]
[BlackElo "1885"]
[PlyCount "114"]
[EventDate "2025.01.18"]
[EventType "swiss"]
[EventRounds "10"]
[EventCountry "BRA"]
[SourceTitle "CB05_2025"]
[SourceDate "2025.01.29"]
[SourceVersion "1"]
[SourceVersionDate "2025.01.29"]
[SourceQuality "1"]

1. d4 Nf6 2. c4 d6 3. Nc3 g6 4. e4 Bg7 5. Nf3 0-0 6. Be2 e5 7. d5 a5 8. Bg5 h6 9. Be3 Nbd7 10. 0-0 b6 11. Qc2 Ng4 12. Bd2 Nc5 13. h3 Nf6 14. b3 Ne8 15. a3 f5 16. exf5 Bxf5 17. Qd1 e4 18. Nh2 Nf6 19. Rc1 g5 20. Be3 Nd3 21. Bxd3 exd3 22. Nf3 Qd7 23. Nd4 Bg6 24. Ne6 Rfe8 25. Nb5 Rac8 26. Nbd4 Nh5 27. g4 Bxd4 28. gxh5 Bxe3 29. fxe3 Bf7 30. Rf6 Bxe6 31. Rg6+ Kh7 32. dxe6 Rxe6 33. Qxd3 Rxg6 34. Qxg6+ Kh8 35. Qxh6+ Qh7 36. Qf6+ Qg7 37. Rf1 Re8 38. Qf3 Qe5 39. Kg2 Qe4 40. Kg3 Qxe3 41. Kg4 Re4+ 42. Kg3 Qxf3+ 43. Rxf3 Kg7 44. Rc3 Kh6 45. b4 axb4 46. axb4 Kxh5 47. Kf3 Rd4 48. Kg3 Kg6 49. Kf3 Rf4+ 50. Kg2 Kf5 51. Kg3 c5 52. bxc5 bxc5 53. Rf3 Rxf3+ 54. Kxf3 Ke5 55. Kg4 Kf6 56. Kg3 d5 57. cxd5 Ke5 0-1

[Event "Londrina op"]
[Site "Londrina"]
[Date "2024.11.10"]
[Round "5"]
[White "Simoncini, Luana Felipe"]
[Black "Moura, Maria Luiza Sales D"]
[Result "1-0"]
[WhiteElo "1566"]
[BlackElo "1795"]
[PlyCount "65"]
[EventDate "2024.11.08"]
[EventType "swiss"]
[EventRounds "6"]
[EventCountry "BRA"]
[SourceTitle "CB45_2024"]
[Source "ChessBase"]
[SourceDate "2024.11.06"]
[SourceVersion "1"]
[SourceVersionDate "2024.11.06"]
[SourceQuality "1"]

1. d4 d5 2. c4 e6 3. Nc3 Be7 4. Nf3 Nf6 5. Bg5 0-0 6. e3 h6 7. Bh4 b6 8. Bxf6 Bxf6 9. cxd5 exd5 10. Be2 Be6 11. Qc2 c5 12. 0-0 Nc6 13. Bb5 Qd6 14. Rfd1 a6 15. dxc5 bxc5 16. Ne4 Nb4 17. Nxf6+ gxf6 18. Qc3 axb5 19. Qxf6 Rad8 20. Qxh6 Bf5 21. Qg5+ Qg6 22. Qf4 Bh3 23. Ng5 Bxg2 24. Qg3 Be4 25. a3 Nd3 26. Rd2 Rfe8 27. Rad1 Re5 28. h4 Kh8 29. Rxd3 Bxd3 30. Qxe5+ Kg8 31. Qg3 Bf5 32. Kh2 Qd6 33. e4 1-0

[Event "Londrina op"]
[Site "Londrina"]
[Date "2024.11.08"]
[Round "2"]
[White "Lukachewski Junior, Wanderlei"]
[Black "Simoncini, Luana Felipe"]
[Result "1-0"]
[WhiteElo "2055"]
[BlackElo "1566"]
[PlyCount "71"]
[EventDate "2024.11.08"]
[EventType "swiss"]
[EventRounds "6"]
[EventCountry "BRA"]
[SourceTitle "CB45_2024"]
[Source "ChessBase"]
[SourceDate "2024.11.06"]
[SourceVersion "1"]
[SourceVersionDate "2024.11.06"]
[SourceQuality "1"]

1. d4 d5 2. Nc3 Nf6 3. Bf4 c6 4. h3 Bf5 5. g4 Bg6 6. Nf3 Nbd7 7. Bg2 e6 8. 0-0 c5 9. Nb5 Rc8 10. Nxa7 Ra8 11. Nb5 Rc8 12. c3 Qb6 13. a4 Be7 14. e3 0-0 15. Ne5 Nxe5 16. Bxe5 Nd7 17. Bg3 cxd4 18. exd4 Nb8 19. Re1 Nc6 20. Qe2 Bf6 21. Bd6 Rfd8 22. Bc5 Qa6 23. Bf1 b6 24. Bd6 Na7 25. Bc7 Rd7 26. Bg3 Nc6 27. Nd6 Qxe2 28. Bxe2 Ra8 29. Bb5 Rc7 30. Nc4 e5 31. Nxb6 Rd8 32. dxe5 Rb7 33. Nxd5 Ne7 34. exf6 Nxd5 35. Rad1 gxf6 36. c4 1-0

[Event "Maringa op 1st"]
[Site "Maringa"]
[Date "2024.07.28"]
[Round "6"]
[White "Pavao, Alice Lara Biasi"]
[Black "Simoncini, Luana Felipe"]
[Result "1-0"]
[WhiteElo "1740"]
[BlackElo "1535"]
[PlyCount "93"]
[EventDate "2024.07.26"]
[EventType "swiss"]
[EventRounds "6"]
[EventCountry "BRA"]
[SourceTitle "CBM 221 Extra"]
[Source "ChessBase"]
[SourceDate "2024.09.30"]
[SourceVersion "1"]
[SourceVersionDate "2024.09.30"]
[SourceQuality "1"]

1. c4 c6 2. Nf3 d5 3. b3 Nf6 4. d4 g6 5. g3 Bg7 6. Bg2 0-0 7. 0-0 e6 8. Bb2 Nbd7 9. Nc3 Qc7 10. Rc1 dxc4 11. bxc4 Rd8 12. e3 Nb6 13. Qd3 Bd7 14. Ba3 Rab8 15. Rfd1 Nc8 16. Ne5 Qa5 17. Bb2 Ne8 18. Nxd7 Rxd7 19. c5 Ne7 20. a3 Nf6 21. Rb1 Ned5 22. Qc2 Nxc3 23. Bxc3 Qc7 24. Qa4 a6 25. Ba5 Qc8 26. Rb3 Nd5 27. Rdb1 Bf6 28. h4 h5 29. Kf1 Bd8 30. Bxd8 Qxd8 31. Qxc6 Nxe3+ 32. fxe3 Qf6+ 33. Ke2 bxc6 34. Rxb8+ Kg7 35. Bxc6 Rc7 36. Bf3 Qf5 37. e4 Qf6 38. R1b4 e5 39. R8b6 Qe7 40. c6 exd4 41. Rb7 Rxb7 42. cxb7 d3+ 43. Kd2 Qc5 44. b8Q Qc2+ 45. Ke3 d2 46. Qe5+ Kh7 47. Rb8 1-0

[Event "Maringa op 1st"]
[Site "Maringa"]
[Date "2024.07.27"]
[Round "4"]
[White "Simoncini, Luana Felipe"]
[Black "Polette, Anne Caroline"]
[Result "1-0"]
[WhiteElo "1535"]
[BlackElo "1797"]
[PlyCount "69"]
[EventDate "2024.07.26"]
[EventType "swiss"]
[EventRounds "6"]
[EventCountry "BRA"]
[SourceTitle "CBM 221 Extra"]
[Source "ChessBase"]
[SourceDate "2024.09.30"]
[SourceVersion "1"]
[SourceVersionDate "2024.09.30"]
[SourceQuality "1"]

1. d4 d5 2. c4 e6 3. Nc3 Nf6 4. Bg5 Be7 5. Nf3 b6 6. cxd5 exd5 7. e3 Bb7 8. Bd3 Nbd7 9. 0-0 0-0 10. Rc1 Ne4 11. Bxe4 dxe4 12. Bxe7 Qxe7 13. Nd2 f5 14. Qb3+ Kh8 15. Nd5 Bxd5 16. Qxd5 Rac8 17. Rc6 Nf6 18. Qxf5 Rfd8 19. Re6 Qb4 20. Nb3 a5 21. Rxf6 gxf6 22. Qxe4 a4 23. Na1 Qxb2 24. Qb1 Qe2 25. Qb4 Qxa2 26. h3 Rg8 27. Qe7 Qd5 28. Qxf6+ Rg7 29. g3 h5 30. Nc2 Rcg8 31. Nb4 Qd7 32. Nc6 Rf8 33. Qh4 Qf7 34. Rd1 a3 35. Ne5 1-0

[Event "Caioba op 8th"]
[Site "Caioba"]
[Date "2024.06.23"]
[Round "1"]
[White "Simoncini, Luana Felipe"]
[Black "Gazola, Vanessa Ramos"]
[Result "0-1"]
[WhiteElo "1535"]
[BlackElo "1981"]
[PlyCount "64"]
[EventDate "2024.06.23"]
[EventType "swiss"]
[EventRounds "9"]
[EventCountry "BRA"]
[SourceTitle "CBM 220 Extra"]
[Source "ChessBase"]
[SourceDate "2024.07.31"]
[SourceVersion "1"]
[SourceVersionDate "2024.07.31"]
[SourceQuality "1"]

1. d4 d5 2. c4 e6 3. Nc3 Be7 4. Nf3 Nf6 5. Bf4 0-0 6. e3 b6 7. cxd5 Nxd5 8. Nxd5 exd5 9. Be2 c5 10. 0-0 Nc6 11. Rc1 c4 12. Nd2 b5 13. Bf3 Nb4 14. a4 Nd3 15. Rc2 Nxf4 16. exf4 Bf5 17. Rc1 a6 18. Re1 Bf6 19. Nb1 b4 20. Nd2 Rc8 21. Nf1 Bd3 22. Ne3 Bxd4 23. Nxd5 Bxb2 24. Ne7+ Kh8 25. Nxc8 Bxc1 26. Ne7 Bxf4 27. Nc6 Qb6 28. a5 Qc5 29. g3 Bd6 30. Qc1 h5 31. Qe3 Qxe3 32. Rxe3 c3 0-1